Tre trúc: Gây trồng và sử dụng

Guardat en:
Dades bibliogràfiques
Autor principal: Ngô Quang Đê
Format: Llibre
Idioma:Undetermined
Publicat: Nghệ An Nghệ An 2003
Matèries:
Etiquetes: Afegir etiqueta
Sense etiquetes, Sigues el primer a etiquetar aquest registre!
Thư viện lưu trữ: Trung tâm Học liệu Trường Đại học Cần Thơ
LEADER 00531nam a2200193Ia 4500
001 CTU_61998
008 210402s9999 xx 000 0 und d
020 |b 12000 
082 |a 635.9349 
082 |b Đ250 
100 |a Ngô Quang Đê 
245 0 |a Tre trúc: Gây trồng và sử dụng 
245 0 |c Ngô Quang Đê, Lê Xuân Trường 
260 |a Nghệ An 
260 |b Nghệ An 
260 |c 2003 
650 |a bamboo 
904 |i Minh 
980 |a Trung tâm Học liệu Trường Đại học Cần Thơ